[Event "SLO-chT2 West"]
[Site "Komenda"]
[Date "2018.11.11"]
[Round "4.2"]
[White "Kralj, Nejc"]
[Black "Biti, Ozren"]
[Result "0-1"]
[WhiteElo "1734"]
[BlackElo "2368"]
[PlyCount "56"]
[EventDate "2018.11.10"]
[EventType "team-tourn"]
[EventRounds "7"]
[EventCountry "SLO"]
[SourceTitle "EXT 2020"]
[Source "ChessBase"]
[SourceDate "2019.10.17"]
[SourceVersion "1"]
[SourceVersionDate "2019.10.17"]
[SourceQuality "1"]
[WhiteTeam "Komenda SK II"]
[BlackTeam "Posocje"]
[WhiteTeamCountry "SLO"]
[BlackTeamCountry "SLO"]

1. e4 d6 2. d4 Nf6 3. Nc3 c6 4. Bd3 e5 5. dxe5 dxe5 6. Nf3 Nbd7 7. 0-0 Be7 8. Re1 0-0 9. h3 Qc7 10. Be3 Nc5 11. Qe2 b5 12. a3 a5 13. Bxc5 Bxc5 14. Na2 Nh5 15. c4 b4 16. a4 Nf4 17. Qc2 Qb6 18. Nc1 b3 19. Qd2 f6 20. Rf1 Rd8 21. g3 Nxh3+ 22. Kg2 Be6 23. Qe2 Bg4 24. Qe1 Rd7 25. Be2 Bb4 26. Nd2 Bxe2 27. Nxe2 Bxd2 28. Qd1 Ng5 0-1

[Event "SLO-chT2 West"]
[Site "Komenda"]
[Date "2018.11.10"]
[Round "2.2"]
[White "Kralj, Nejc"]
[Black "Luzar, Emil"]
[Result "0-1"]
[WhiteElo "1734"]
[BlackElo "2115"]
[PlyCount "54"]
[EventDate "2018.11.10"]
[EventType "team-tourn"]
[EventRounds "7"]
[EventCountry "SLO"]
[SourceTitle "EXT 2020"]
[Source "ChessBase"]
[SourceDate "2019.10.17"]
[SourceVersion "1"]
[SourceVersionDate "2019.10.17"]
[SourceQuality "1"]
[WhiteTeam "Komenda SK II"]
[BlackTeam "Dolenjske Toplice"]
[WhiteTeamCountry "SLO"]
[BlackTeamCountry "SLO"]

1. e4 c5 2. Nf3 d6 3. d4 cxd4 4. Nxd4 Nf6 5. Nc3 g6 6. Be3 Bg7 7. Bc4 0-0 8. f3 Nc6 9. Qd2 Nd7 10. 0-0-0 Nb6 11. Bb3 Na5 12. Qd3 Bd7 13. Kb1 Rc8 14. g4 Nbc4 15. Bc1 a6 16. h4 b5 17. h5 e5 18. Nde2 b4 19. Nd5 Bb5 20. Bxc4 Nxc4 21. Qb3 Na3+ 22. bxa3 Bxe2 23. Rde1 Bc4 24. Qe3 Bxd5 25. exd5 Rc3 26. Qe4 bxa3 27. Bxa3 Rxa3 0-1

[Event "Ljubljana-chT 71st 1st League"]
[Site "Ljubljana"]
[Date "2018.01.11"]
[Round "1.1"]
[White "Kralj, Nejc"]
[Black "Perme, Metod"]
[Result "1-0"]
[WhiteElo "1721"]
[BlackElo "1334"]
[PlyCount "79"]
[EventDate "2018.01.11"]
[EventType "team-tourn"]
[EventRounds "9"]
[EventCountry "SLO"]
[SourceTitle "EXT 2024"]
[Source "ChessBase"]
[SourceDate "2023.10.10"]
[SourceVersion "1"]
[SourceVersionDate "2023.10.10"]
[SourceQuality "1"]
[WhiteTeam "Komenda Pogi"]
[BlackTeam "Komenda Suma"]
[WhiteTeamCountry "SLO"]
[BlackTeamCountry "SLO"]

1. e4 e5 2. Nf3 Nc6 3. Bc4 Nf6 4. d3 h6 5. 0-0 Bc5 6. c3 0-0 7. Nbd2 d6 8. Bb3 Bg4 9. Re1 d5 10. exd5 Nxd5 11. Ne4 Bb6 12. h3 Bh5 13. Ng3 Nf4 14. Nxh5 Nxd3 15. Re2 Qd6 16. Be3 e4 17. Rd2 Qe7 18. Bxb6 axb6 19. Nd4 Nce5 20. Ng3 Qh4 21. Bd5 e3 22. Rxd3 Nxd3 23. Qxd3 Rfe8 24. Ndf5 Qf4 25. Nxe3 Re5 26. Bxb7 Ra4 27. Ne2 Qh4 28. Bc6 Raa5 29. Qd4 Qf6 30. Bf3 c5 31. Qd7 Ra4 32. Qxa4 Qf5 33. Nxf5 Rxf5 34. Qa8+ Kh7 35. Be4 g6 36. Bxf5 gxf5 37. Nf4 b5 38. Qf8 b4 39. Qxf7+ Kh8 40. Ng6# 1-0

[Event "SLO-chT3 West"]
[Site "Komenda"]
[Date "2017.12.10"]
[Round "5.2"]
[White "Kralj, Nejc"]
[Black "Tisaj, Igor"]
[Result "1-0"]
[WhiteElo "1723"]
[BlackElo "1275"]
[PlyCount "71"]
[EventDate "2017.12.08"]
[EventType "team-swiss"]
[EventRounds "5"]
[EventCountry "SLO"]
[SourceTitle "EXT 2019"]
[Source "ChessBase"]
[SourceDate "2018.10.10"]
[SourceVersion "1"]
[SourceVersionDate "2018.10.10"]
[SourceQuality "1"]
[WhiteTeam "Komenda Pogi"]
[BlackTeam "Trzin Menges"]
[WhiteTeamCountry "SLO"]
[BlackTeamCountry "SLO"]

1. e4 e5 2. Nf3 d6 3. d4 Bg4 4. Be2 Nf6 5. Nc3 Be7 6. 0-0 c6 7. Bg5 Bxf3 8. Bxf3 Nbd7 9. Qd2 Qb6 10. Be3 exd4 11. Bxd4 c5 12. Be3 Ne5 13. Be2 Rc8 14. Bb5+ Nfd7 15. f3 a6 16. Be2 Rc7 17. Nd5 Qc6 18. Nxc7+ Qxc7 19. Rfd1 b5 20. f4 Nc6 21. a4 c4 22. axb5 axb5 23. Ra8+ Ndb8 24. Bf3 0-0 25. b3 cxb3 26. cxb3 Rd8 27. Rc1 Qb7 28. Ra2 Na6 29. Qc3 Nab4 30. Rd2 Bf6 31. e5 d5 32. exf6 d4 33. Bxd4 Rxd4 34. Rxd4 Qb6 35. Bxc6 Na2 36. Ra1 1-0

[Event "SLO-chT Central 18th"]
[Site "Slovenia"]
[Date "2017.10.26"]
[Round "7.3"]
[White "Kralj, Nejc"]
[Black "Rozic, Adrijan"]
[Result "1/2-1/2"]
[WhiteElo "1726"]
[BlackElo "2095"]
[PlyCount "191"]
[EventDate "2017.09.14"]
[EventType "team-tourn"]
[EventRounds "7"]
[EventCountry "SLO"]
[SourceTitle "EXT 2019"]
[Source "ChessBase"]
[SourceDate "2018.10.10"]
[SourceVersion "1"]
[SourceVersionDate "2018.10.10"]
[SourceQuality "1"]
[WhiteTeam "Komenda Pogi"]
[BlackTeam "Ig"]
[WhiteTeamCountry "SLO"]
[BlackTeamCountry "SLO"]

1. e4 e6 2. d4 d5 3. Nd2 Nf6 4. e5 Ng8 5. Bd3 c5 6. c3 Qb6 7. Ne2 Bd7 8. f4 Bb5 9. Nf3 Bxd3 10. Qxd3 Nh6 11. 0-0 Qa6 12. Qc2 Nc6 13. Ng3 cxd4 14. cxd4 g6 15. Kh1 Nf5 16. Rd1 Nxg3+ 17. hxg3 Be7 18. Be3 0-0 19. a3 Rac8 20. Qf2 h5 21. Nh2 Kg7 22. Rac1 Na5 23. Rxc8 Rxc8 24. g4 hxg4 25. Nxg4 Nb3 26. Kg1 Rh8 27. Qc2 Qc4 28. Qxc4 dxc4 29. d5 exd5 30. Rxd5 Rd8 31. Rxd8 Bxd8 32. Bxa7 b6 33. Bb8 Be7 34. Bd6 Bd8 35. Ne3 b5 36. Nd5 Ba5 37. Bb4 Bd8 38. Nc3 Bb6+ 39. Kf1 Nd4 40. Ne4 Ne6 41. g3 g5 42. fxg5 Kg6 43. Bc3 Bc7 44. Nd6 Bxd6 45. exd6 Nc5 46. Bf6 Kf5 47. Ke2 Ke6 48. Ke3 Kxd6 49. Kd4 Nb3+ 50. Kc3 Kc6 51. Kb4 Nc5 52. Kc3 Ne4+ 53. Kd4 Nxg3 54. Ke3 Kd5 55. Kf3 Ne4 56. Bd8 Ke5 57. Kg4 Nc5 58. Bf6+ Ke4 59. Bc3 Ne6 60. Bh8 Nf4 61. Bc3 Nd3 62. Bf6 Nf2+ 63. Kh5 Kf5 64. Bd8 Nd1 65. Bf6 Ne3 66. Bc3 Nd5 67. Bh8 Nf4+ 68. Kh6 Ne6 69. Bf6 Nc5 70. Kh5 Ne4 71. Bd8 Ng3+ 72. Kh6 Ke6 73. g6 Nf5+ 74. Kh7 fxg6 75. Kxg6 Ne3 76. Bf6 Nc2 77. Bh8 Ne3 78. Kg5 Kd5 79. Kf4 Nc2 80. Kf3 Na1 81. Ke3 Nb3 82. Bg7 Kc5 83. Ke2 Kb6 84. Kd1 Ka5 85. Kc2 Ka4 86. Bh8 Na1+ 87. Kb1 Nb3 88. Kc2 Nc5 89. Bg7 Ne6 90. Bh8 Nf4 91. Bg7 Ng2 92. Bh8 Ne3+ 93. Kd2 Nd5 94. Kc2 b4 95. axb4 Kxb4 96. Bg7 1/2-1/2

[Event "SLO-chT Central 18th"]
[Site "Slovenia"]
[Date "2017.09.21"]
[Round "2.3"]
[White "Praznik, Anton"]
[Black "Kralj, Nejc"]
[Result "1-0"]
[WhiteElo "2140"]
[BlackElo "1726"]
[PlyCount "55"]
[EventDate "2017.09.14"]
[EventType "team-tourn"]
[EventRounds "7"]
[EventCountry "SLO"]
[SourceTitle "EXT 2019"]
[Source "ChessBase"]
[SourceDate "2018.10.10"]
[SourceVersion "1"]
[SourceVersionDate "2018.10.10"]
[SourceQuality "1"]
[WhiteTeam "Vrhnika"]
[BlackTeam "Komenda Pogi"]
[WhiteTeamCountry "SLO"]
[BlackTeamCountry "SLO"]

1. e4 e6 2. d4 d5 3. Nc3 Nf6 4. e5 Nfd7 5. Nf3 c5 6. dxc5 Nc6 7. Bf4 Bxc5 8. Bd3 0-0 9. Bxh7+ Kh8 10. Bd3 g6 11. h4 Kg7 12. h5 Rh8 13. h6+ Kg8 14. Qe2 Nf8 15. 0-0-0 Nh7 16. Rh3 a6 17. Rg3 Ne7 18. Ng5 Qc7 19. Nxh7 Kxh7 20. Bg5 b5 21. Bf6 Rg8 22. Qf3 Ra7 23. Ne2 Nc6 24. Qf4 Nb4 25. a3 Nxd3+ 26. Rdxd3 a5 27. Nd4 b4 28. Nf3 1-0

[Event "SLO-chT U20"]
[Site "Murska Sobota"]
[Date "2017.08.27"]
[Round "3"]
[White "Suta, Andraz"]
[Black "Kralj, Nejc"]
[Result "1-0"]
[WhiteElo "2197"]
[BlackElo "1726"]
[PlyCount "55"]
[EventDate "2017.08.26"]
[EventType "tourn"]
[EventRounds "7"]
[EventCountry "SLO"]
[SourceTitle "EXT 2022"]
[Source "ChessBase"]
[SourceDate "2021.10.06"]
[SourceVersion "1"]
[SourceVersionDate "2021.10.06"]
[SourceQuality "1"]

1. d4 d5 2. c4 c6 3. Nf3 Nf6 4. e3 Bg4 5. h3 Bh5 6. Nc3 e6 7. cxd5 exd5 8. Be2 Bd6 9. 0-0 0-0 10. Ne5 Bxe2 11. Qxe2 Nbd7 12. Nd3 Qe7 13. Bd2 Ne4 14. Be1 f5 15. Qc2 f4 16. exf4 Bxf4 17. Nxf4 Rxf4 18. f3 Nd6 19. Bf2 Rff8 20. Rae1 Qf7 21. Na4 Rfe8 22. Qb3 Nc4 23. Rxe8+ Rxe8 24. Qxb7 Re2 25. b3 Rxa2 26. bxc4 Rxa4 27. c5 Nxc5 28. Qxc6 1-0

[Event "SLO-chT U20"]
[Site "Murska Sobota"]
[Date "2017.08.26"]
[Round "1"]
[White "Urbanc, Peter"]
[Black "Kralj, Nejc"]
[Result "1-0"]
[WhiteElo "2278"]
[BlackElo "1726"]
[PlyCount "81"]
[EventDate "2017.08.26"]
[EventType "tourn"]
[EventRounds "7"]
[EventCountry "SLO"]
[SourceTitle "EXT 2022"]
[Source "ChessBase"]
[SourceDate "2021.10.06"]
[SourceVersion "1"]
[SourceVersionDate "2021.10.06"]
[SourceQuality "1"]

1. d4 d5 2. e3 Nf6 3. f4 e6 4. Nf3 c5 5. Bd3 Nc6 6. 0-0 Bd6 7. c3 0-0 8. Ne5 Ne7 9. Nd2 b6 10. g4 Bb7 11. Qf3 Nd7 12. Qe2 f6 13. Nxd7 Qxd7 14. b3 e5 15. Bb2 exf4 16. exf4 Rae8 17. Qf3 f5 18. Qh3 Rf6 19. g5 Rff8 20. Rae1 Bc8 21. Nf3 Ng6 22. Ne5 Qc7 23. Qh5 Bxe5 24. fxe5 Be6 25. Rf3 Re7 26. Rh3 Nf4 27. Qxh7+ Kf7 28. Rf3 Nxd3 29. Rxd3 Ke8 30. Qh5+ Kd8 31. Bc1 Ree8 32. dxc5 Qxc5+ 33. Be3 Qe7 34. c4 f4 35. Bf2 Kc8 36. cxd5 Rd8 37. Rc3+ Kb8 38. dxe6 Qxe6 39. Qf3 Rf5 40. h4 Rxe5 41. Qxf4 1-0

[Event "SLO-chT2 West"]
[Site "Komenda"]
[Date "2016.11.13"]
[Round "5.3"]
[White "Kralj, Nejc"]
[Black "Muhic, Jure"]
[Result "1/2-1/2"]
[WhiteElo "1695"]
[BlackElo "1870"]
[PlyCount "81"]
[EventDate "2016.11.11"]
[EventType "team-tourn"]
[EventRounds "9"]
[EventCountry "SLO"]
[SourceTitle "EXT 2019"]
[Source "ChessBase"]
[SourceDate "2018.10.10"]
[SourceVersion "1"]
[SourceVersionDate "2018.10.10"]
[SourceQuality "1"]
[WhiteTeam "Komenda II"]
[BlackTeam "Dolenjske Toplice"]
[WhiteTeamCountry "SLO"]
[BlackTeamCountry "SLO"]

1. e4 c6 2. d4 d5 3. exd5 cxd5 4. Bd3 Nc6 5. c3 Nf6 6. Bf4 e6 7. h3 Bd6 8. Bxd6 Qxd6 9. Nf3 0-0 10. 0-0 e5 11. dxe5 Nxe5 12. Nxe5 Qxe5 13. Nd2 b6 14. Nf3 Qc7 15. Nd4 Bb7 16. Re1 Rfe8 17. Qf3 a6 18. Re3 Rxe3 19. Qxe3 Re8 20. Qg5 h6 21. Qd2 Ne4 22. Re1 Qd7 23. Qf4 Nc5 24. Rxe8+ Qxe8 25. Bc2 Ne6 26. Qe5 Qc8 27. Bf5 Qc7 28. Qe3 Nf8 29. Qe8 Qd6 30. Bg4 g6 31. h4 h5 32. Bh3 Kg7 33. Nf3 Bc6 34. Qe3 Bd7 35. Bxd7 Nxd7 36. Qd4+ f6 37. Qe3 Ne5 38. Nxe5 fxe5 39. Qg5 Qf6 40. Qxf6+ Kxf6 41. Kf1 1/2-1/2

[Event "SLO-chT2 West"]
[Site "Komenda"]
[Date "2016.11.12"]
[Round "3.4"]
[White "Skrbec, Leon"]
[Black "Kralj, Nejc"]
[Result "1-0"]
[WhiteElo "1505"]
[BlackElo "1695"]
[PlyCount "39"]
[EventDate "2016.11.11"]
[EventType "team-tourn"]
[EventRounds "9"]
[EventCountry "SLO"]
[SourceTitle "EXT 2019"]
[Source "ChessBase"]
[SourceDate "2018.10.10"]
[SourceVersion "1"]
[SourceVersionDate "2018.10.10"]
[SourceQuality "1"]
[WhiteTeam "Postojna"]
[BlackTeam "Komenda II"]
[WhiteTeamCountry "SLO"]
[BlackTeamCountry "SLO"]

1. d4 d5 2. Bf4 Nf6 3. Nf3 c5 4. e3 Nc6 5. c3 e6 6. Bd3 Bd6 7. Bg3 0-0 8. Nbd2 b6 9. 0-0 Bb7 10. Ne5 Ne7 11. f4 Nf5 12. Bxf5 exf5 13. Bh4 Be7 14. Rf3 Ne4 15. Bxe7 Qxe7 16. Nxe4 fxe4 17. Rg3 f6 18. Ng4 Bc8 19. Qb3 Qf7 20. Nh6+ 1-0

[Event "SLO-chT Central 1st League 17th"]
[Site "Slovenia"]
[Date "2016.10.06"]
[Round "3.2"]
[White "Kralj, Nejc"]
[Black "Semeja, Mirko"]
[Result "0-1"]
[WhiteElo "1690"]
[BlackElo "1812"]
[PlyCount "116"]
[EventDate "2016.09.22"]
[EventType "team-tourn"]
[EventRounds "7"]
[EventCountry "SLO"]
[SourceTitle "EXT 2023"]
[Source "ChessBase"]
[SourceDate "2022.10.05"]
[SourceVersion "1"]
[SourceVersionDate "2022.10.05"]
[SourceQuality "1"]
[WhiteTeam "Komenda Suma"]
[BlackTeam "Kamnik DU"]
[WhiteTeamCountry "SLO"]
[BlackTeamCountry "SLO"]

1. e4 c5 2. Nf3 e6 3. d4 cxd4 4. Nxd4 a6 5. Nc3 d6 6. Be3 Be7 7. Be2 Nf6 8. 0-0 Nc6 9. f4 Qc7 10. Kh1 Nxd4 11. Qxd4 e5 12. Qd2 Be6 13. Rad1 Bc4 14. fxe5 dxe5 15. Bg5 Rd8 16. Qe3 Rxd1 17. Rxd1 Be6 18. Qg3 Qc5 19. Bxf6 Bxf6 20. Bg4 Bc4 21. Nd5 Bxd5 22. Rxd5 Qb4 23. c3 Qxe4 24. Rd1 0-0 25. Qf3 Qa4 26. Bd7 Qc2 27. b4 e4 28. Bf5 exf3 29. Bxc2 fxg2+ 30. Kxg2 Bxc3 31. b5 axb5 32. Rd7 b6 33. Bb3 Bb4 34. h3 g6 35. Kf3 Kg7 36. Kg4 Ba3 37. Kf3 h5 38. Kg3 Bc5 39. Kf3 g5 40. Kg3 Kg6 41. Bc2+ f5 42. Rd5 h4+ 43. Kf3 Rf6 44. Kg2 Kh6 45. Rxf5 Re6 46. Bb3 Re2+ 47. Kh1 Kg6 48. Rf3 Bd6 49. Rd3 Rh2+ 50. Kg1 Bf4 51. Rf3 Rb2 52. Rd3 Kf5 53. Rd5+ Ke4 54. Rxb5 Be3+ 55. Kh1 Kf4 56. Bc4 Rc2 57. Rf5+ Kg3 58. Bb5 Rh2# 0-1

[Event "SLO-chT2 West"]
[Site "Slovenia"]
[Date "2015.11.08"]
[Round "7"]
[White "Konvalinka, Kostja"]
[Black "Kralj, Nejc"]
[Result "1/2-1/2"]
[WhiteElo "1602"]
[BlackElo "1545"]
[PlyCount "106"]
[EventDate "2015.10.17"]
[EventType "team-tourn"]
[EventRounds "7"]
[EventCountry "SLO"]
[SourceTitle "EXT 2019"]
[Source "ChessBase"]
[SourceDate "2018.10.10"]
[SourceVersion "1"]
[SourceVersionDate "2018.10.10"]
[SourceQuality "1"]
[WhiteTeam "Trzin"]
[BlackTeam "Komenda II"]
[WhiteTeamCountry "SLO"]
[BlackTeamCountry "SLO"]

1. e4 e6 2. e5 d5 3. exd6 Bxd6 4. d4 Nf6 5. Nf3 0-0 6. Bd3 h6 7. 0-0 Nc6 8. Re1 Re8 9. c3 e5 10. dxe5 Nxe5 11. Nxe5 Bxe5 12. Be3 b6 13. Bb5 Bd7 14. Bxd7 Qxd7 15. Qxd7 Nxd7 16. Nd2 Rad8 17. Rad1 Bd6 18. Bd4 Nc5 19. Nf3 Ne6 20. Be3 c5 21. Rd2 Bf4 22. Bxf4 Nxf4 23. Rxd8 Rxd8 24. g3 Ne6 25. Kf1 Kf8 26. Ke2 Ke7 27. Ne5 Kf6 28. f4 g5 29. Ke3 Rd6 30. Re2 Ke7 31. Ke4 Ng7 32. f5 f6 33. Ng6+ Kf7 34. g4 Rd8 35. Kf3 Rd7 36. a4 a5 37. h3 Rd3+ 38. Kg2 Rd7 39. Nh8+ Kg8 40. Ng6 Kf7 41. Kf2 Ne8 42. Re6 Nd6 43. b3 b5 44. axb5 Nxb5 45. Ra6 Nxc3 46. Rxa5 Rb7 47. Ra3 Nd5 48. Ra5 Ne7 49. Nxe7 Kxe7 50. Rxc5 Rxb3 51. Kg2 Rb2+ 52. Kf3 Rb3+ 53. Kg2 Rb2+ 1/2-1/2